000
00223nam a2200097Ia 4500
008
230915s9999 xx 000 0 und d
050
_a
HD 31 .S24
100
_a
SAGIMO,PETER O.
245
0
_a
MANAGEMENT DYNAMICS
942
_c
BK
999
_c
76495
_d
76495